000 00672nam a2200217Ia 4500
008 191130s2005##################000#0#eng##
020 _a9781403969880
040 _aACL
_cACL
082 _a320.15 KUR
100 _aKurtulus, Ersun N
245 _aState sovereignty : concept, phenomenon and ramifications
_cErsun N. Kurtulus
250 _a1st ed
260 _aBasingstoke, Hampshire
_bPalgrave Macmillan
_cc2005
300 _aviii, 232 p. ; 22 cm
500 _aIncludes bibliographical references (p. [195]-227) and index
650 _aSovereignty
650 _aState, The
990 _a669719eaac10000c5a8ea9d23ded9ed9
991 _a180462
999 _c290966
_d290966